| 000 | 00500 a2200157 4500 | ||
|---|---|---|---|
| 999 |
_c10547 _d10547 |
||
| 020 | _a9780199270972 | ||
| 050 | _aK 230 COL | ||
| 245 |
_aThe Oxford handbook of jurisprudence and philosophy of law / _cedited by Jules L Coleman; Scott Shapiro |
||
| 264 |
_aOxford ; New York : _bOxford University Press, _c2002 |
||
| 300 | _a1050p. : | ||
| 500 | _aincludes index | ||
| 650 | _a Law -- Philosophy. | ||
| 650 | _aJurisprudence. | ||
| 700 |
_aScott , Shapiro _eeditor |
||
| 942 |
_2lcc _cBK _h230 _iCOL _kK |
||